Zjednodušenie obstarávacieho procesu aplikačného softvéru
S obstarávacím procesom aplikačného softvéru sa stretávajú všetky moderné podniky a riešia ho opakovane na operatívnej báze. Pri bežnom obstaraní aplikačného softvéru sa firmy zameriavajú hlavne na obstarávanie aplikácii, ktoré môžeme zaradiť do kategórie typového aplikačného softvéru, teda takého,...
Guardado en:
| Autor principal: | |
|---|---|
| Formato: | Capítulo de libro |
| Lenguaje: | eslovaco |
| Materias: | |
| Etiquetas: |
Sin Etiquetas, Sea el primero en etiquetar este registro!
|
MARC
| LEADER | 00000nla a2200000 4500 | ||
|---|---|---|---|
| 001 | 0228251 | ||
| 005 | 20240502073746.2 | ||
| 041 | 0 | |a slo | |
| 044 | |a SK | ||
| 245 | 1 | 0 | |a Zjednodušenie obstarávacieho procesu aplikačného softvéru |c Matej Černý |
| 520 | |a S obstarávacím procesom aplikačného softvéru sa stretávajú všetky moderné podniky a riešia ho opakovane na operatívnej báze. Pri bežnom obstaraní aplikačného softvéru sa firmy zameriavajú hlavne na obstarávanie aplikácii, ktoré môžeme zaradiť do kategórie typového aplikačného softvéru, teda takého, ktorý je navrhnutý tak, aby vyhovoval veľkému počtu zákazníkov (organizácií). | ||
| 610 | 2 | 0 | |a technológie informačné |
| 610 | 2 | 0 | |a technológie komunikačné |
| 610 | 2 | 0 | |a inžinierstvo softvérové |
| 610 | 2 | 0 | |a systémy operačné |
| 610 | 2 | 0 | |a softvér |
| 610 | 2 | 0 | |a programy aplikačné |
| 610 | 2 | 0 | |a akvizícia |
| 100 | 1 | |a Černý, Matej, 1982- | |